Object Oriented Analysis And Design (Record no. 119755)
[ view plain ]
| 000 -LEADER | |
|---|---|
| fixed length control field | 00456nam a2200157Ia 4500 |
| 008 - FIXED-LENGTH DATA ELEMENTS--GENERAL INFORMATION | |
| fixed length control field | 230312s9999 xx 000 0 und d |
| 041 ## - LANGUAGE CODE | |
| Language code of text/sound track or separate title | eng |
| 082 ## - DEWEY DECIMAL CLASSIFICATION NUMBER | |
| Classification number | 005.117 |
| Item number | 005.117 O'D |
| 100 ## - MAIN ENTRY--PERSONAL NAME | |
| Personal name | O'Docherty M. |
| 9 (RLIN) | 155618 |
| 245 ## - TITLE STATEMENT | |
| Title | Object Oriented Analysis And Design |
| Remainder of title | Understanding System Development With Uml 2.0. |
| 260 ## - PUBLICATION, DISTRIBUTION, ETC. (IMPRINT) | |
| Name of publisher, distributor, etc. | John Wiley |
| 365 ## - TRADE PRICE | |
| Currency code | Rs. |
| Price amount | 369.00 |
| 710 ## - ADDED ENTRY--CORPORATE NAME | |
| Corporate name or jurisdiction name as entry element | O'Docherty M. |
| 9 (RLIN) | 155619 |
| 906 ## - LOCAL DATA ELEMENT F, LDF (RLIN) | |
| b | 922.5 |
No items available.